Statistiques concernant Chanteurs et musiciens en S (par images).

Cliquez ici pour prendre le quiz!

Statistiques générales

  • Ce quiz a été pris 125 fois
    (54 depuis la dernière actualisation)
  • Le résultat moyen est 10 sur 20

Statistiques - réponses

Réponse% Correct
Soprano
100%
Shakira
92%
Taylor Swift
88%
SCH
83%
Patrick Sébastien
73%
Michel Sardou
71%
Shy'm
67%
Snoop Dogg
56%
Alain Souchon
52%
Travis Scott
52%
Sia
50%
Sting
42%
Tupac Shakur
42%
Véronique Sanson
38%
Frank Sinatra
21%
Suprême NTM
17%
Bruce Springsteen
13%
Scorpions
10%
Nina Simone
6%
Ringo Starr
6%

Distribution des résultats

Percentile par nombre de réponses

% des personnes avec chaque résultat

Votre développement - résultats

Vous n’avez pas pris ce quiz depuis la dernière actualisation